Word Ladder: From Mount Vernon to Hollywood Quiz Stats

Quiz Updated Oct 1, 2016

Challenge
Share
Tweet
Embed
Score 0/45 Timer 05:00
0 Plays Today
Hint 4-Letter Word % Correct
Fermented grape juiceWINE
97%
Fork prongTINE
95.7%
Apple centerCORE
95.1%
☆ Crimson ____ (1995) ☆TIDE
94.4%
Small restaurant or coffee shopCAFÉ
94.3%
☆ The Preacher's ____ (1996) ☆WIFE
94.2%
Round metallic currencyCOIN
93.8%
RippedTORE
93.4%
Rubber outer part of wheel (US)TIRE
93.1%
☆ Man on ____ (2004) ☆FIRE
93%
Orange road construction markerCONE
92.6%
Protective footwearBOOT
92.4%
Painful thickened skin on footCORN
92.2%
☆ The ____ Collector (1999) ☆BONE
92.1%
☆ Out of ____ (2003) ☆TIME
92.1%
Sleeveless cloakCAPE
91.7%
Burned carbon residueSOOT
91.6%
DomesticatedTAME
91.6%
Cappuccino topperFOAM
91.3%
Shrill, small fluteFIFE
91.2%
Deal effectively with hardshipCOPE
91%
☆ The ____ of Eli (2010) ☆BOOK
90.6%
Sound of hitting headBONK
89.4%
Hint 4-Letter Word % Correct
☆ Devil in a ____ Dress (1995) ☆BLUE
88.7%
Connect or fasten togetherJOIN
87.9%
Solid, unyieldingFIRM
87.4%
Tooth holdersGUMS
87.1%
Visible shape or configuration FORM
87%
Narrow openingSLOT
84.1%
☆ He Got ____ (1998) ☆GAME
84.1%
FlankSIDE
83.9%
☆ ____ Q (2002) ☆JOHN
77.8%
Schools of whalesGAMS
77.6%
Blackthorn berry in ginSLOE
76%
☆ ____ House (2012) ☆SAFE
74.5%
Sob uncontrollablyBLUB
73.6%
British singer-songwriter AduSADE
72.6%
Mud-filled hollowSLUE
71.9%
Excessive body fatFLAB
71.1%
☆ Carbon ____ (1981) ☆COPY
70.5%
Blunder or bungleFLUB
69.4%
Grace note stroke on drumFLAM
69%
☆ 2 ____ (2013) ☆GUNS
66.5%
Joe McCarthy judge RoyCOHN
61.9%
Joe Louis boxing foe BillyCONN
60.6%

Today's Daily Dose

Missing Word
1974 Movies A-Z

Word Ladder
The White Album

Quick Pick
Gods of War

On This Day
February 22nd II

You're not logged in!

Compare scores with friends on all Sporcle quizzes.
Sign Up with Email
OR
Log In

You Might Also Like...

Show Comments

Extras

Top Quizzes Today


Score Distribution

Your Account Isn't Verified!

In order to create a playlist on Sporcle, you need to verify the email address you used during registration. Go to your Sporcle Settings to finish the process.